Manual for preventing spills of hazardous substances at fixed facilities / (Record no. 330295)

000 -LEADER
fixed length control field 01105pam a2200277 a 4500
001 - CONTROL NUMBER
control field 1493993
003 - CONTROL NUMBER IDENTIFIER
control field NUST
005 - DATE AND TIME OF LATEST TRANSACTION
control field 20170616121816.0
008 - FIXED-LENGTH DATA ELEMENTS--GENERAL INFORMATION
fixed length control field 880915s1989 nyu bf 000 0 eng
010 ## - LIBRARY OF CONGRESS CONTROL NUMBER
LC control number 88030094
020 ## - INTERNATIONAL STANDARD BOOK NUMBER
International Standard Book Number 089116068X :
Terms of availability $30.00
040 ## - CATALOGING SOURCE
Original cataloging agency DLC
Transcribing agency DLC
Modifying agency DLC
050 00 - LIBRARY OF CONGRESS CALL NUMBER
Classification number TD1050.S24
Item number M36 1989
082 00 - DEWEY DECIMAL CLASSIFICATION NUMBER
Classification number 604.7 UNT
Edition number 19
245 00 - TITLE STATEMENT
Title Manual for preventing spills of hazardous substances at fixed facilities /
Statement of responsibility, etc. Walter Unterberg ... [et al.] ; project officer, Leo T. McCarthy, Jr.
260 ## - PUBLICATION, DISTRIBUTION, ETC.
Place of publication, distribution, etc. New York :
Name of publisher, distributor, etc. Hemisphere Pub. Corp.
Date of publication, distribution, etc. c1989.
300 ## - PHYSICAL DESCRIPTION
Extent x, 113, 75 p. ;
Dimensions 29 cm.
500 ## - GENERAL NOTE
General note Spine title: Preventing spills of hazardous substances.
504 ## - BIBLIOGRAPHY, ETC. NOTE
Bibliography, etc. note Bibliography: p. 113.
650 #0 - SUBJECT ADDED ENTRY--TOPICAL TERM
Topical term or geographic name entry element Hazardous substances
General subdivision Safety measures
-- Handbooks, manuals, etc.
9 (RLIN) 2832
650 #0 - SUBJECT ADDED ENTRY--TOPICAL TERM
Topical term or geographic name entry element Chemical spills
General subdivision Safety measures
-- Handbooks, manuals, etc.
9 (RLIN) 2833
700 1# - ADDED ENTRY--PERSONAL NAME
Personal name Unterberg, Walter.
9 (RLIN) 2834
700 1# - ADDED ENTRY--PERSONAL NAME
Personal name McCarthy, Leo T.
9 (RLIN) 2835
740 0# - ADDED ENTRY--UNCONTROLLED RELATED/ANALYTICAL TITLE
Uncontrolled related/analytical title Preventing spills of hazardous substances.
906 ## - LOCAL DATA ELEMENT F, LDF (RLIN)
a 7
b cbc
c orignew
d 1
e ocip
f 19
g y-gencatlg
942 ## - ADDED ENTRY ELEMENTS (KOHA)
Source of classification or shelving scheme
Koha item type Book
Call number prefix IESE
Holdings
Withdrawn status Lost status Source of classification or shelving scheme Damaged status Not for loan Collection code Permanent Location Current Location Shelving location Date acquired Total Checkouts Full call number Barcode Date last seen Price effective from Koha item type
            Institute of Environmental Science and Engineering (IESE) Institute of Environmental Science and Engineering (IESE) General Stacks 06/16/2017   604.7 UNT IESE-312 06/16/2017 06/16/2017 Book
© 2023 Central Library, National University of Sciences and Technology. All Rights Reserved.